| 000 | 01207nam2a2200253 4500 | ||
|---|---|---|---|
| 001 | rc\2886172 | ||
| 005 | 20110721181429.8 | ||
| 035 | _a(NLR Aleph) 007038737 | ||
| 090 |
_a13586919 _c13586919 |
||
| 100 | _a20110721d1931 |||y0rusy50 ca | ||
| 101 | 0 | _arus | |
| 102 | _aRU | ||
| 105 | _ay z ||||| | ||
| 200 | 1 | _aГеологическое строение, подземные воды и полезные ископаемые Михневскго, Каширского и Иваньковского районов Московской области (в пределах б. Каширского уезда Московской губернии) | |
| 210 | _d1931 | ||
| 300 | _aПрод. изд. под загол.: Московский геолого-гидро-геодезический трест | ||
| 461 | 0 |
_1001rc\2886168 _12001#$aТруды Московского районного геолого-разведочного управления$eСерия 1. Геология. Вып. 1-4$vВып. 4 |
|
| 700 | 1 |
_aШвецов _bМ. С. |
|
| 701 | 1 |
_aЯблоков _bВ. С. |
|
| 801 | 0 |
_aRU _bNLR _gpsbo |
|
| 801 | 1 |
_aRU _bELAR _2rusmarc |
|
| 852 |
_aNLR _j32-18/370 |
||
| 942 | _cBOOK | ||
| 980 | _aNB | ||